regiony Japonii - Statystyki

Ogólne statystyki
  • Ten quiz został rozwiązany 22 razy
  • Średni wynik to 5 z 10
Statystyki odpowiedzi
Odpowiedź % Poprawnych
Hokkaido
88%
Okinawa
75%
Kanto
63%
Tohoku
63%
Chugoku
50%
Kansai
50%
Kiusiu
50%
Sikoku
38%
Chubu
25%
Hokuriku
13%
Nie znaleziono quizów pasujących do podanych kryteriów
Rozkład punktacji
Procent ludzi z każdym wynikiem
Percentyl według liczby udzielonych odpowiedzi
Twoja historia wyników
Nie rozwiązałeś tego quizu